| 000 | 01105nam0a22002651 4500 | ||
|---|---|---|---|
| 001 | rc\489151 | ||
| 005 | 20030616171407.8 | ||
| 035 | _a(NLR Aleph) 005731256 | ||
| 090 |
_a7581362 _c7581362 |
||
| 100 | _a20030616d1988 u |0rusy50 ca | ||
| 101 | 0 | _arus | |
| 102 | _aRU | ||
| 105 | _aa ||||||||| | ||
| 200 | 1 |
_aВИДЕОПРОЕКЦИОННЫЕ системы. Световые параметры _f[К. т. н. Черниловская Г.З., Аптекарь Б.С.] |
|
| 210 |
_aМ. _cНИКФИ _d1988 |
||
| 215 |
_a43 с. _cил. _d20 |
||
| 225 | 1 |
_aКинофототехника _eОбзор. информ. _fНПО "Кадр", Всесоюз. н.-и. кинофотоинститут. ЦООНТИ по кинематографии _vВып. 2 (101) |
|
| 300 | _aВ надзаг. также: Гос. ком. СССР по кинематографии | ||
| 320 | _aБиблиогр.: с. 39-43 | ||
| 701 | 1 |
_aЧерниловская _bГ. З. _gГалина Зиновьевна |
|
| 801 | 0 |
_aRU _bNLR _gpsbo |
|
| 801 | 1 |
_aRU _bELAR _2rusmarc |
|
| 852 |
_aNLR _jП10/4473 |
||
| 942 | _cBOOK | ||
| 980 | _aNB | ||